|
|
|
|
| LEADER |
00000nab a2200000 a 4500 |
| 001 |
vtls000361653 |
| 003 |
SK-MaSNL |
| 005 |
20260303124922.0 |
| 008 |
111201c1989 xo 0 slo |
| 015 |
|
|
|a SNBRB19rr/mm-uuuuu
|
| 035 |
|
|
|a CL0361775
|
| 040 |
|
|
|a SNKBUCL
|b slo
|c SNKBUCL
|e AACR2
|
| 041 |
0 |
|
|a slo
|
| 044 |
|
|
|a xo
|c SK
|
| 080 |
|
|
|a 631.157:339.564
|2 1981
|
| 080 |
|
|
|a 339.564
|2 1981
|
| 080 |
|
|
|a 663/664.002.6
|2 1981
|
| 100 |
1 |
|
|a Klimo, Ľ.
|4 aut
|9 860781
|
| 245 |
1 |
0 |
|a K efektívnosti vývozu poľnohospodársko-potravinárskych výrobkov
|c Ľ. Klimo, O. Štěrbová
|
| 650 |
0 |
7 |
|a poľnohospodárske výrobky
|2 snkbucl
|9 20059
|
| 650 |
0 |
7 |
|a potravinárske výrobky
|2 snkbucl
|9 66612
|
| 650 |
0 |
7 |
|a zahraničný obchod
|2 snkbucl
|9 2200
|
| 655 |
|
7 |
|a články z novín a časopisov
|2 snkbucl
|9 267496
|
| 700 |
1 |
|
|a Štěrbová, O.
|4 aut
|9 1142759
|
| 773 |
0 |
|
|t Informácie MPVž SSR
|g Roč. 17, č. 5 (1989), s. 26-27
|
| 850 |
|
|
|a Slovenská národná knižnica v Martine
|a MTA001
|
| 852 |
|
|
|a SNK
|b KIS3GCP
|
| 958 |
|
|
|a RK
|
| 992 |
|
|
|a RBX
|
| 999 |
|
|
|c 1932221
|d 1934151
|